000 00689nam a2200277Ia 4500
005 20260324125308.0
008 008 260324s9999 xx 000 0 eng d
020 _a9780429150869
037 _aEBOOK
040 _aCRL
040 _beng
040 _cCRL
041 _2eng
041 _aeng
084 _qCRL
100 _aDuncan L. Hughes; John R. Olson; James Gore; Michele P. Brossett
_91177442
245 0 _aRapid Bioassessment of Stream Health
260 _bTaylor and Francis
260 _c2009
365 _a
365 _b435
856 _uhttp://www.taylorfrancis.com/books/9780429150869
942 _cEBOOK
999 _c1772557
_d1772557